[Event "Online Olym Div3 B"]
[Site "Chess.com INT"]
[Date "2021.08.27"]
[Round "3.2"]
[White "Chorfen, Youssef"]
[Black "Celso, Andre Manjate"]
[Result "1-0"]
[WhiteElo "1861"]
[BlackElo "1721"]
[PlyCount "93"]
[EventDate "2021.08.27"]
[EventType "team-tourn (rapid)"]
[EventRounds "9"]
[EventCountry "USA"]
[SourceTitle "CBM 204 Extra"]
[Source "ChessBase"]
[SourceDate "2021.11.30"]
[SourceVersion "1"]
[SourceVersionDate "2021.11.30"]
[SourceQuality "1"]
[WhiteTeam "Tunisia"]
[BlackTeam "Mozambique"]
[WhiteTeamCountry "TUN"]
[BlackTeamCountry "MOZ"]

1. e4 g6 2. d4 Bg7 3. Nc3 d6 4. Be3 Nf6 5. f3 0-0 6. Qd2 Re8 7. Bc4 a6 8. e5 dxe5 9. dxe5 Qxd2+ 10. Bxd2 Nfd7 11. e6 fxe6 12. Bxe6+ Kh8 13. 0-0-0 Nf6 14. Bb3 b5 15. g4 c5 16. g5 Nfd7 17. Bf7 Rf8 18. Bd5 Ra7 19. Be3 Rc7 20. Ne4 Nb6 21. Nxc5 Nxd5 22. Rxd5 Bf5 23. Ne2 Rfc8 24. Rhd1 Nd7 25. Rxd7 Bxd7 26. Rxd7 Rc6 27. b4 Bf8 28. Nd4 Rd6 29. Nde6 Kg8 30. Bf4 Rxd7 31. Nxd7 Bg7 32. Nxg7 Kxg7 33. Nc5 Rc6 34. Be5+ Kf7 35. f4 a5 36. a3 axb4 37. axb4 Rc8 38. c3 Ra8 39. Kb2 Ra7 40. c4 bxc4 41. Kc3 Ra2 42. Kxc4 Rxh2 43. b5 Rc2+ 44. Kd5 Ke8 45. b6 Kd8 46. b7 Rd2+ 47. Kc6 1-0

[Event "Africa-ch U18"]
[Site "Windhoek"]
[Date "2019.12.19"]
[Round "6.5"]
[White "Filipe, Marcio"]
[Black "Celso, Andre Manjate"]
[Result "1-0"]
[WhiteElo "2048"]
[BlackElo "1661"]
[PlyCount "69"]
[EventDate "2019.12.16"]
[EventType "swiss"]
[EventRounds "9"]
[EventCountry "NAM"]
[SourceTitle "EXT 2024"]
[Source "ChessBase"]
[SourceDate "2023.10.10"]
[SourceVersion "1"]
[SourceVersionDate "2023.10.10"]
[SourceQuality "1"]

1. e4 e6 2. d4 d5 3. e5 c5 4. c3 Nc6 5. Nf3 Qb6 6. Be2 Nge7 7. Na3 cxd4 8. cxd4 Nf5 9. Nc2 Bb4+ 10. Kf1 Qd8 11. g4 Nfe7 12. Nxb4 Nxb4 13. a3 Nbc6 14. Kg2 Bd7 15. b4 Rc8 16. Be3 a6 17. Nd2 Na7 18. a4 Bc6 19. Rb1 Qd7 20. Rc1 Ng6 21. f4 f6 22. Bd3 Qf7 23. Rf1 f5 24. g5 h6 25. Nf3 h5 26. Qb3 Qd7 27. Rfe1 Rc7 28. Rc5 b5 29. a5 Bb7 30. Rcc1 Nc6 31. Qc3 h4 32. h3 Nge7 33. Nd2 Qd8 34. Nb1 Qc8 35. Na3 1-0